000 00474nam a2200193Ia 4500
005 20250425161439.0
008 250425s9999 xx 000 0 und d
020 _a0713162424
041 _aeng
082 _a909
100 _aCHAPMAN, KEITH
245 0 _aPEOPLE, PATTERN AND PROCESS: AN INTRODUCTION TO HUMAN GEOGRAPHY
250 _a1ST ED.
260 _aLONDON
260 _aReino Unido
_bEDWARD ARNOLD
_c1986
300 _a334
942 _c01
010 _a20558
999 _c209467
_d209467